000 00830nam a2200265Ia 4500
003 OSt
005 20220923212524.0
006 a|||||r|||| 00| 0
007 ta
008 220922b |||||||| |||| 00| 0 hin d
020 _c60
024 _a153,745
037 _cTextual
040 _aARTS
_cARTS
_bhin
041 _2hin
_ahin
082 _aO152vN7, L4
100 _aहॅंस
245 0 _aहिन्दी साहित्य का समक्षीत्मक इतिहास
246 _aHindī sāhitya kā samakṣhītmak itihāsa
260 _aकाशी
_b प्रथम प्रकाशन
_c1974
300 _a590 पृ.
_ccm.
650 _aहिन्दी साहित्य
_9156264
942 _hO152vN7, L4
_cTEXL
_2CC
999 _c309386
_d309386